China - V4 Trade Relations - a Slovak Perspective

Historický vývoj obchodných vzťahov SR - Čína. Komparatívne výhody a komoditná štruktúra obchodu. Možné scenáre budúceho vývoja obchodných vzťahov a odhady objemu investícií v obchode.

Enregistré dans:
Détails bibliographiques
Auteur principal: Grančay, Martin, 1984-2024
Format: Chapitre de livre
Langue:anglais
Sujets:
Tags: Ajouter un tag
Pas de tags, Soyez le premier à ajouter un tag!

MARC

LEADER 00000naa a2200000 4500
001 0195386
005 20240502073257.1
041 0 |a eng 
044 |a SK 
245 1 0 |a China - V4 Trade Relations - a Slovak Perspective  |c Tomáš Dudáš 
520 |a Historický vývoj obchodných vzťahov SR - Čína. Komparatívne výhody a komoditná štruktúra obchodu. Možné scenáre budúceho vývoja obchodných vzťahov a odhady objemu investícií v obchode. 
610 2 0 |a vzťahy obchodné 
610 2 0 |a obchod zahraničný 
610 2 0 |a obrat obchodu zahraničného 
610 2 0 |a štruktúra vývozu 
610 2 0 |a komodity 
610 2 0 |a výhody komparatívne 
610 2 0 |a koncentrácia investícií 
610 2 0 |a Slovensko 
100 1 |a Grančay, Martin, 1984-2024